| 000 | 00837nam a2200205 i 4500 | ||
|---|---|---|---|
| 001 | 103818 | ||
| 003 | ES-MaACL | ||
| 005 | 20230906183442.0 | ||
| 007 | t| | ||
| 008 | 051118s1952 cu ||||1| spa d | ||
| 100 | 1 |
_aMesa Rodríguez, Manuel I. _980641 |
|
| 245 | 1 | 0 |
_aDon Domingo Figarola-Caneda (1852-1952) / _cdiscurso leído por el académico de número Prof. Manuel I. Mesa Rodríguez... el 16 de enero de 1952 para conmemorar el centenario del nacimiento del ilustre bibliógrafo cubano. |
| 260 |
_aLa Habana : _b[s.n.], _c1952 ( _fImp. El Siglo XX) |
||
| 300 |
_a30 p. ; _c25 cm. |
||
| 500 | _aPrecede al tít.: Academia de la Historia de Cuba. | ||
| 600 | 1 | 4 |
_aFigarola-Caneda, Domingo. _950736 |
| 710 | 2 |
_aAcademia de la Historia de Cuba. _91183 |
|
| 852 |
_aES-MaACL _j1944-F-24 _bR.31917 |
||
| 852 |
_aES-MaACL _j1951-F-23 |
||
| 999 |
_c103818 _d103818 |
||